The Rehla of IBN BATTUTA: (Record no. 23401)

MARC details
000 -LEADER
fixed length control field 00619nam a22001937a 4500
003 - CONTROL NUMBER IDENTIFIER
control field BDDh-ASL
005 - DATE AND TIME OF LATEST TRANSACTION
control field 20231015030232.0
008 - FIXED-LENGTH DATA ELEMENTS--GENERAL INFORMATION
fixed length control field 210325s1953 ii ||||| |||| 00| 0 eng d
040 ## - CATALOGING SOURCE
Original cataloging agency BDDh-ASL
Transcribing agency BDDh-ASL
082 ## - DEWEY DECIMAL CLASSIFICATION NUMBER
Classification number 910
Item number MAR
100 1# - MAIN ENTRY--PERSONAL NAME
9 (RLIN) 3523
Personal name Mahdi, Husain
245 14 - TITLE STATEMENT
Title The Rehla of IBN BATTUTA:
Remainder of title (India, Maldive Islands and Ceylon) /
260 ## - PUBLICATION, DISTRIBUTION, ETC.
Place of publication, distribution, etc. Baroda, India :
Name of publisher, distributor, etc. Oriental Institute,
Date of publication, distribution, etc. 1953.
300 ## - PHYSICAL DESCRIPTION
Extent 289 p. :
Other physical details ill., maps, plates;
Dimensions 25 cm.
504 ## - BIBLIOGRAPHY, ETC. NOTE
Bibliography, etc. note Includes bibliographical references and index.
600 #0 - SUBJECT ADDED ENTRY--PERSONAL NAME
9 (RLIN) 3524
Personal name Battuta, Ibn
650 #0 - SUBJECT ADDED ENTRY--TOPICAL TERM
9 (RLIN) 1349
Topical term or geographic name entry element History
Geographic subdivision South Asia
942 ## - ADDED ENTRY ELEMENTS (KOHA)
Source of classification or shelving scheme Dewey Decimal Classification
Koha item type Books
Holdings
Withdrawn status Lost status Source of classification or shelving scheme Damaged status Not for loan Collection code Home library Current library Shelving location Date acquired Source of acquisition Total Checkouts Full call number Barcode Date last seen Copy number Price effective from Koha item type Public note
    Dewey Decimal Classification     Non-fiction Asiatic Society Library Asiatic Society Library General Stacks 03/25/2021 ASB Library Collections   910 MAR 107822 03/25/2021 C-1 03/25/2021 Books RARE

Powered by Koha